书目信息 |
| 题名: |
中级日语
|
|
| 作者: | 周炎辉 主编 | |
| 分册: | 下册 | |
| 出版信息: | 北京 高等教育出版社 1985 |
|
| 页数: | 183页 | |
| 开本: | 20cm | |
| 丛书名: | ||
| 单 册: | ||
| 中图分类: | H36 | |
| 科图分类: | ||
| 主题词: | 日语--中级--自学参考资料 | |
| 电子资源: | ||
| ISBN: | ||
| 000 | 00655nam0 2200241 45 | |
| 001 | 0185013978 | |
| 005 | 20060809101858.26 | |
| 010 | @dCNY1.25 | |
| 091 | @a9010.0209 | |
| 100 | @a19951031d1985 em y0chiy0121 ea | |
| 101 | 0 | @achi |
| 102 | @aCN@b110000 | |
| 105 | @ay z 000yy | |
| 200 | 10 | @a中级日语@Azhong ji ri yu@h下册@f周炎辉主编@Fzhou yan hui zhu bian |
| 210 | @a北京@c高等教育出版社@d1985 | |
| 215 | @a183页@d20cm | |
| 300 | @a广播教材 | |
| 606 | @a日语@x中级@x自学参考资料 | |
| 690 | @aH36@v3 | |
| 701 | 0 | @a周炎辉@4主编@Azhou yan hui |
| 801 | 0 | @aCN@b深圳图书馆@c20060809 |
| 801 | 2 | @aCN@bNLC@c20060420 |
| 905 | @f1@b151770@dH36@e106 | |
| 中级日语.下册/周炎辉主编.-北京:高等教育出版社,1985 |
| 183页;20cm |
| 广播教材 |
| ISBN :CNY1.25 |
| ● |
| 相关链接 |
|
|
|
|
正题名:中级日语
索取号:H36/106
 
预约/预借
| 序号 | 登录号 | 条形码 | 馆藏地/架位号 | 状态 | 备注 |
| 1 | 0151769 | 202266243 | 密集书库/ [索取号:H36/106] | 在馆 | |
| 2 | 0151770 | 001056528 | 第四借阅区/ [索取号:H36/106] | 在馆 | |
| 3 | 0151771 | 001056519 | 第二样本阅览室/ [索取号:H36/106] | 在馆 | |
| 4 | 0453260 | 204532602 | 密集书库/ [索取号:H36/106] | 在馆 | |
| 5 | 0453261 | 204532611 | 密集书库/ [索取号:H36/106] | 在馆 | |
| 6 | 0453262 | 204532620 | 密集书库/ [索取号:H36/106] | 在馆 |